Statistics for Jeopardy #8439

Click here to take the quiz!

General Stats

  • This quiz has been taken 36 times
  • The average score is 16 of 61

Answer Stats

CategoryCashClueAnswer% Correct
COMPLETES THE IDIOM$200Give it your all: "Go big or..."go home
89%
COMPLETES THE IDIOM$800What a great idea! Oroweat or otherwise, it's the "best thing since..."sliced bread
89%
STATE LICENSE PLATES$400A speciality lobster plate lets drivers in this state show support for its signature productMaine
79%
STATE LICENSE PLATES$200In the 1990s this state's plate briefly carried the slogan "Hoosier Hospitality"Indiana
74%
COMPLETES THE IDIOM$600The show is over: "Elvis has..."left the building
74%
STATE LICENSE PLATES$600For the most part, Vermont's license plates have white lettering & numbers on this color backgroundgreen
68%
GETTING CLOCK WISE$200This name for a tall longcase clock comes from an 1870s songa grandfather clock
63%
GETTING CLOCK WISE$600In 1988 Bobby Fischer patented a new type of clock that soon became widely used in this game, his specialtychess
63%
A MOMENT OF SCIENCE$1000As Homer Simpson said, "In this house we obey the laws of" this relationship between heat & mechanical energythermodynamics
63%
A MOMENT OF SCIENCE$400Carpo, Kale & Eirene are 3 of the 79 known moons orbiting this planetJupiter
58%
MICHAEL JORDAN$200After college, MJ wanted a shoe deal with Adidas, but the company passed; fair to say Jordan landed on his feet with this brandNike
58%
A MOMENT OF SCIENCE$600Stannum is the Latin word for this, which explains Sn as its chemical symboltin
58%
STATE LICENSE PLATES$800A specialty plate from California supports conservancy programs here, a national park since 1890Yosemite
53%
GETTING CLOCK WISE$400The Black Forest region in Germany is famed for these avian clockscuckoo clocks
47%
GETTING CLOCK WISE$800The world has been a more punctual place since this crystal made its timekeeping debut in the 1920squartz
47%
COMPLETES THE IDIOM$400When an enemy suddenly acts kind, remember "Beware of Greeks..."bearing gifts
42%
& I TOOK THAT PERSONALLY$200In Act I this Shakespeare character is told to "revenge" his dad's "foul and most unnatural murder" & in Act V, he doesHamlet
42%
FIRST NOVELS$400Before taking us into the Chocolate Factory & the Great Glass Elevator, he penned "The Gremlins"(Roald) Dahl
42%
A MOMENT OF SCIENCE$800In the body, free radicals are atoms that are unstable & can damage cells by stealing one of these particles from nearby moleculeselectrons
37%
MICHAEL JORDAN$800A defender unafraid to take what he believed was his, Michael led the NBA in this statistic 3 times, averaging about 3 per gamesteals
37%
& I TOOK THAT PERSONALLY$800In 1950 this U.S. "action painter" told Time magazine a previous article was incorrect, that his work was not chaoticJackson Pollock
32%
MICHAEL JORDAN$400As a freshman in 1982, MJ took down Patrick Ewing & the Hoyas with an NCAA title-winning shot for the Tar Heels of this schoolNorth Carolina
32%
& I TOOK THAT PERSONALLY$600"All my life, people have said that I wasn't going to make it", said this CNN founder, owner of acreage twice the size of Rhode IslandTed Turner
32%
STATE LICENSE PLATES$1000This state's "Chile Capital of the World" plate won America's Best License Plate Award for 2017New Mexico
26%
& I TOOK THAT PERSONALLY$1000In Judges 16 he asks God to "strengthen me... only this once... that I may be at once avenged of the Philistines for my two eyes"Samson
26%
MICHAEL JORDAN$1000It wasn't quite as magical as the Bulls years, but MJ did average 20 per game at age 39 in his last year with this alliterative teamthe Washington Wizards
26%
COMPLETES THE IDIOM$1000That's a tough choice to make: "On the horns of..."a dilemma
21%
& I TOOK THAT PERSONALLY$400Criticized for the purchase of this, William Seward said it would "take another generation to find out" how cool it wasAlaska
21%
A MOMENT OF SCIENCE$200The c. 300 B.C. "De Historia Plantarum" helped establish Plato's student Theophrastus as the founder of this 6-letter sciencebotany
21%
WORDS WITH ALL 5 VOWELS$800This adverb means conducted at the same timesimultaneously
21%
TV SPIN-OFFS$800"Joanie Loves Chachi"Happy Days
16%
FIRST NOVELS$1200Written in 1943, this beatnik's "The Sea is My Brother" took a long road to publication, finally seeing print in 2011Jack Kerouac
16%
WORDS WITH ALL 5 VOWELS$1200Done to prolong breathing & blood flow until medical help arrives, it's the "R" in CPRresuscitation
16%
MICHAEL JORDAN$600After hearing doubts about his future, this Warrior scored 62 & said, "Cue the Jordan meme, right? I take all that personally"(Steph) Curry
16%
WORDS WITH ALL 5 VOWELS$1600Neil Armstrong got his degree in this type of engineering concerning all things aircraft relatedaeronautical
11%
TV SPIN-OFFS$400"Young Sheldon"The Big Bang Theory
11%
FIRST NOVELS$800These "Papers" started out as captions for another's art, but ended up being Charles Dickens' first novelThe Pickwick Papers
11%
TV SPIN-OFFS$1200Premiering in 2014, "The Flash"Arrow
5%
"BR"ANDS$1200This German-based company that touts its "world of electric shaving" also makes blenders & thermometersBraun
5%
"BR"ANDS$800William was the Philadelphia man who hand-cranked the first gallon of this ice cream in 1866Breyers
5%
"BR"ANDS$400Ecopia tires from this manufacturer will get you across the structure in its nameBridgestone
5%
THE AMERICAN REVOLUTION$400The areas called East & West this were southern outposts of loyalty to the crown--especially St. AugustineFlorida
5%
FIRST NOVELS$2000This title of James Baldwin's debut novel comes from a spiritualGo Tell It On the Mountain
5%
21st CENTURY MONARCHIES$800This woman of non-royal birth & Prince Rainier were the parents of Prince Albert II of MonacoGrace Kelly
5%
21st CENTURY MONARCHIES$400The monarchy of this Asian nation of 125 million has a legendary history dating back to the 7th century B.C.Japan
5%
21st CENTURY MONARCHIES$1600Nelson Mandela helped restore the monarchy to this nation; Letsie III is currently its kingLesotho
5%
21st CENTURY MONARCHIES$2000The few reigning queens include the United Kingdom's Elizabeth II & this queen of DenmarkMargrethe
5%
GETTING CLOCK WISE$1000Time was up for Joan of Arc in this French city that's also home to the magnificent astronomical clock seen hereRouen
5%
WORDS WITH ALL 5 VOWELS$400The football penalty being signaled here has deemed your conduct to be thisunsportsmanlike
5%
FIRST NOVELS$1600One man's rebellion against a world run by machines is the plot of "Player Piano", this author's firstVonnegut
5%
TV SPIN-OFFS$2000"Booker", starring Richard Grieco21 Jump Street
0%
WORDS WITH ALL 5 VOWELS$2000A filmmaker such as D.A. Pennebaker or Alex Gibneya documentarian
0%
21st CENTURY MONARCHIES$1200Royal title of the rulers of Malaysian states & of Omana sultan
0%
"BR"ANDS$2000Around since 1928, it now says, "One small dab and it shines, styles and conditions hair"Brylcreem
0%
THE AMERICAN REVOLUTION$1600When Vermont was denied statehood, this Vermont patriot unsuccessfully negotiated peace with Gen. Haldimand of CanadaEthan Allen
0%
THE AMERICAN REVOLUTION$1200For his leadership in the war, Thomas Sumter was known as "The Carolina" this bird known to South Carolina football fansgamecock
0%
MUSICAL LANDMARKSN/AA cleft in limestone in England sheltered Reverend Augustus Toplady from a storm & inspired this popular hymn"Rock Of Ages"
0%
THE AMERICAN REVOLUTION$800A British gov. of Massachusetts called him the "chief incendiary" but unlike cousin John, his contributions faded after 1776Sam Adams
0%
THE AMERICAN REVOLUTION$2000British general Burgoyne's 1777 surrender after the second battle of this New York state site was a turning point in the warSaratoga
0%
"BR"ANDS$1600Henry Jr. was the eldest of these brothers, American clothing royaltythe Brooks Brothers
0%
TV SPIN-OFFS$1600"Major Crimes" (minus Kyra Sedgwick)The Closer
0%

Score Distribution

Percentile by Number Answered

Percent of People with Each Score

Your Score History

You have not taken this quiz